Gaming Quiz

Random Gaming or Nintendo Quiz

16 Little Pokémon Pictograms Quiz Stats

 Plays Quiz Updated Sep 17, 2018

Score 0/16 Timer 05:00
16 Plays Today
Hint Answer % Correct
Beedrill
97.8%
Cubone
90.2%
Mr. Mime
88.3%
Butterfree
86%
Golbat
84.7%
Venomoth
84.4%
Caterpie
83.8%
Magikarp
81.8%
Hint Answer % Correct
Dragonair
81.1%
Sandslash
80%
Shellder
79%
Nidoqueen
77.5%
Raticate
77.2%
Dugtrio
75.2%
Oddish
65.1%
Omanyte
46.7%

You're not logged in!

Compare scores with friends on all Sporcle quizzes.
OR
Log In

Sporcle TV

Today on Sporcle TV


Watch our educational content, quiz creation guides, and fun videos on Sporcle TV.

Show Comments

Extras

Top Quizzes Today


Score Distribution

Your Account Isn't Verified!

In order to create a playlist on Sporcle, you need to verify the email address you used during registration. Go to your Sporcle Settings to finish the process.

Report this User

Report this user for behavior that violates our Community Guidelines.

Details: